Buenas prácticas agrícolas con desarrollo local para el sudoeste bonaerense /
Guardado en:
| Autor Principal: | |
|---|---|
| Otros Autores: | , , , , |
| Formato: | Libro |
| Idioma: | Spanish |
| Publicado: |
Bahía Blanca :
EdiUNS,
2015.
|
| Series: | Serie Extensión. Colección Ciencias y Tecnología
|
| Etiquetas: |
Agregar Etiqueta
Sin Etiquetas, Sea el primero en etiquetar este registro!
|
| LEADER | 01200nam a22002415a 4500 | ||
|---|---|---|---|
| 001 | EEA.libagro010548 | ||
| 008 | 151026s2015####ag#a##########000#0#spa#d | ||
| 005 | 20240418120911.0 | ||
| 245 | 1 | 0 | |a Buenas prácticas agrícolas con desarrollo local para el sudoeste bonaerense / |c Tomás Loewy ... [et al.]. |
| 260 | |a Bahía Blanca : |b EdiUNS, |c 2015. | ||
| 300 | |a 105 p. : |b il. col., mapas ; |c 21 cm. | ||
| 490 | 1 | |a Serie Extensión. Colección Ciencias y Tecnología | |
| 505 | 0 | |a Capítulo 1: Con la historia en nuestra memoria: Revisemos nuestro presente -- Capítulo 2: Transiciones hacia otra ruralidad en el sudoeste bonaerense -- Capítulo 3: Guía operativa, preliminar, de buenas prácticas agrícolas (BPA) -- Consideración final -- Anexo I: Un presente crítico -- Anexo II: Mostrando las buenas prácticas agrícolas. | |
| 020 | |a 9789876550604 | ||
| 100 | 1 | |a Loewy, Tomás. | |
| 700 | 1 | |a Saldungaray, María Cecilia. | |
| 700 | 1 | |a Ángeles, Guillermo R. | |
| 700 | 1 | |a Milano, Fernando A. | |
| 700 | 1 | |a Campaña, Domingo H. | |
| 700 | 1 | |a Álamo, Matías A. | |
| 082 | 0 | 4 | |a 633 |
| 859 | |a AR-BbBCA |b BIB. AGRONOMIA |h 633 |i L827 |p 2015/6611 | ||
| 859 | |a AR-BbBCA |b BIB. AGRONOMIA |h 633 |i L827 |p 2024/7354 |t Ej.2 | ||
